000 00422nam a2200181Ia 4500
001 4388
005 20260306145752.0
008 260306t1985||||xx |||||||||||||| ||spa||
041 _aESP
082 _a320.985093
_bT77
100 _aTovar, Teresa
_eAUT
245 0 _aVelasquismo y movimiento popular
260 _c1985
300 _a399 páginas :
_ccm.
650 _aGEN
654 _aCDE
942 _cLIB
_dJUS
_fJUS
_2ddc
_n
999 _c4388
_d4388